Mali Empire Quiz - Statistics

General Stats
  • This quiz has been taken 8 times
  • The average score is 4 of 10
Answer Stats
Hint Answer % Correct
Most traded item which led to there extreme wealth Gold
100%
Most famous ruler known for wealth, spread of Islam and pilgrimage Mansa Musa
100%
Most prosperous city known for trade, culture and education Timbuktu
100%
What does Mansa mean King/emperor
71%
Where was the empire located West Africa
29%
Name for people who preserved oral history through music, storytelling, poems Griots
14%
Who was the founder of the Mali Empire Sundiata Keita
14%
What year did Mansa go on the pilgrimage 1324
0%
What year was the mosque above built 1327
0%
What mosque was built in Timbuktu Djinguereber
0%
No matching quizzes found
Score Distribution
Percent of People with Each Score
Percentile by Number Answered
Your Score History
You have not taken this quiz